000 00245nam a2200097Ia 4500
001 683709
005 20250826161443.0
008 250824s9999 xx 000 0 und d
245 0 _aKUŞLAR DA GİTTİ
_cYAŞAR KEMAL
260 _bYAPI KREDİ YAYINLARI
999 _c683709
_d683709